| 000 | 00510nam a22001217a 4500 | ||
|---|---|---|---|
| 040 | _cVONG PHANNITH, RUA | ||
| 082 | _aMGR MEA 2025 B707 Or.1 | ||
| 100 | _aMEAS, DANY / មាស ដានី | ||
| 245 | _aDetermination of aflatoxins in peanuts in tbong khmum province, ការកំណត់រកកម្រិតAFLATOXINS ក្នុងសណ្ដែកដីនៅខេត្តត្បូងឃ្មុំ | ||
| 260 |
_aPHNOM PENH _bRUA _c2025 |
||
| 300 |
_aix, 55p. _bill. _c29cm. |
||
| 942 | _cNRM | ||
| 999 |
_c25851 _d25851 |
||